000 01351cam a22003737a 4500
999 _c532823
_d532823
001 17235586
003 NUST
005 20191203125010.0
008 120305s2012 enkaf b 001 0beng d
010 _a 2012397580
015 _aGBB1C4600
_2bnb
015 _aGBB1C4600
_2dnb
016 7 _a015956320
_2Uk
020 _a9781847921086 (hbk.)
020 _a1847921086 (hbk.)
035 _a(OCoLC)ocn758984434
038 _aMSOHAIL
040 _aUKMGB
_cUKMGB
_dYDXCP
_dBWK
_dCDX
_dOUN
_dDEBBG
_dDLC
042 _alccopycat
050 0 0 _aDS318.6
_b.D42 2012b
082 0 4 _a955.053092
_223
100 1 _aDe Bellaigue, Christopher,
_d1971-
_926436
245 1 0 _aPatriot of Persia :
_bMuhammad Mossadegh and a very British coup /
_cChristopher de Bellaigue.
260 _aLondon :
_bBodley Head,
_c2012.
300 _ax, 310 p., [8] p. of plates :
_bill., plates ;
_c24 cm.
504 _aIncludes bibliographical references (p. [289]-296) and index.
600 1 0 _aMosaddeq, Mohammad,
_d1880-1967.
_926429
650 0 _aPrime ministers
_zIran
_vBiography.
_926437
651 0 _aIran
_xPolitics and government
_y1941-1979.
_912804
651 0 _aIran
_xHistory
_yCoup d'état, 1953.
_926438
906 _a7
_bcbc
_ccopycat
_d2
_encip
_f20
_gy-gencatlg
942 _2ddc
_cBK